Bedeutende Sportveranstaltungen und -turniere - Statistiken

Allgemein
  • Dieses Quiz wurde 93 mal gespielt
  • Das Durchschnittsergebnis liegt bei 12 aus 24
Antwortstatistiken
Hinweis Antwort % Korrekt
UEFA Champions League Fußball
100%
Großer Preis von Monaco Formel 1
97%
Super Bowl American Football
92%
Tour de France Radsport
87%
Vierschanzentournee Skispringen
86%
Ironman Hawaii Triathlon
79%
EHF Champions League Handball
78%
Davis Cup Tennis
74%
EuroLeague Basketball
67%
Ryder Cup Golf
59%
CHIO Aachen Pferdesport
49%
Hahnenkamm-Rennen Ski Alpin
49%
World Matchplay Darts
41%
Six Nations Rugby Union
41%
World Series Baseball
38%
Spengler Cup Eishockey
29%
Vendée Globe Segeln
24%
Kandidatenturnier Schach
23%
Boat Race Rudern
22%
The Ashes Cricket
14%
Hypo Meeting Götzis Mehrkampf
10%
Sultan Azlan Shah Cup Feldhockey
7%
Cape Epic Mountainbike
2%
All England Open Badminton
1%
Keine übereinstimmenden Quizze gefunden
Verteilung der Resultate
Anzahl Personen mit jedem Resultat
Perzentil nach korrekt beantworteten Fragen
Ihre Resultats-Entwicklung
Sie haben dieses Quiz noch nicht gespielt